Manual de auditoría interna y operativa (Registro nro. 655)

Detalles MARC
000 -LEADER
fixed length control field 01521 a2200205 4500
001 - CONTROL NUMBER
control field 15493
005 - DATE AND TIME OF LATEST TRANSACTION
control field 20260407155450.0
008 - FIXED-LENGTH DATA ELEMENTS--GENERAL INFORMATION
fixed length control field 260407a1983 arg spa d
003 - CONTROL NUMBER IDENTIFIER
control field AR-UNSa-BCEJYS
040 ## - CATALOGING SOURCE
Original cataloging agency AR-UNSa-BCEJYS
Language of cataloging spa
Transcribing agency AR-UNSa-BCEJYS
080 ## - UNIVERSAL DECIMAL CLASSIFICATION NUMBER
Universal Decimal Classification number 657.6
Common auxiliary subdivision Auditoria (control interno)
020 ## - INTERNATIONAL STANDARD BOOK NUMBER
International Standard Book Number 950-543-063-9
100 1# - MAIN ENTRY--PERSONAL NAME
Personal name Rusenas, Rubén Oscar
245 10 - TITLE STATEMENT
Title Manual de auditoría interna y operativa
264 #1 - PRODUCTION, PUBLICATION, DISTRIBUTION, MANUFACTURE, AND COPYRIGHT NOTICE
Place of production, publication, distribution, manufacture Buenos Aires :
Name of producer, publisher, distributor, manufacturer Cangallo
Date of production, publication, distribution, manufacture, or copyright notice 1983
300 ## - PHYSICAL DESCRIPTION
Extent 377 p.
Dimensions 23 cm.
505 ## - FORMATTED CONTENTS NOTE
Formatted contents note 1. Fundamentos de la auditoría interna - 2. Los elementos de juicio - 3. Herramientas y/o técnicas de auditoría - 4. Naturaleza de los errores - 5. El funcionamiento, comportamiento y evaluación del sistema de control interno de la empresa - 6. Normas de auditoría interna - 7. Organización del departamento de auditoría interna - 8. Programación de una auditoría interna - 9. Papeles de trabajo - 10. El informe del auditor interno - 11. Auditoría de un sector operativo - 12. Tesoreria - 13. Créditos y cobranzas - 14. Cuentas a pagar - 15. Compras - 16. Recepción - 17. El inventario físico, técnicas y procedimientos aplicables - 18. El auditor interno frente al comportamiento de los sistemas administrativos - 19. Auditoría del procesamiento electrónico de datos - 20. Expedición - 21. Sucursales - 22. Personal - 23. Planta y equipo - 24. Area comercial - 25. Area industrial - 26. Relación entre la auditoría externa e interna
590 ## - LOCAL NOTE (RLIN)
Local note niveau_biblio:m niveau_hierar:0
942 ## - ADDED ENTRY ELEMENTS (KOHA)
Koha item type
Existencias
Withdrawn status Lost status Damaged status Not for loan Home library Current library Shelving location Date acquired Total checkouts Full call number Barcode Date last seen Price effective from Koha item type
        Biblioteca Prof. Eusebio Cleto del Rey Biblioteca Prof. Eusebio Cleto del Rey   07/04/2026   657.6 R949m L58049 07/04/2026 07/04/2026 Libro
        Biblioteca Prof. Eusebio Cleto del Rey Biblioteca Prof. Eusebio Cleto del Rey   07/04/2026   657.6 R949m L58048 07/04/2026 07/04/2026 Libro
        Biblioteca Prof. Eusebio Cleto del Rey Biblioteca Prof. Eusebio Cleto del Rey   07/04/2026   657.6 R949m L58050 07/04/2026 07/04/2026 Libro